000 00538nam a2200169 a 4500
005 20210223120555.0
008 991125s1995 mx 000 0 spa u
035 _aUPN01000003410
049 _aC
050 4 _aLE7.6313 U25
_bA5 1995
110 2 _aUniversidad Juárez Autónoma de Tabasco
_931564
245 1 0 _aAnuario estadístico 1994-1995 /
_cUniversidad Juárez Autónoma de Tabasco.
260 _aVillahermosa :
_bUJAT,
_c1995.
300 _a119 p.
610 2 4 _aUNIVERSIDAD JUAREZ AUTONOMA DE TABASCO -
_vESTADISTICA
905 _aLibro
999 _c3410
_d3410